Contos inacabados (Registo nº 1196)

Detalhes MARC
000 -Etiqueta do registo
Cabeçalho 01033nam a2200337 4500
005 - Identificador da versão
Campo de controlo 20240813121828.0
021 ## - Número do Depósito Legal
Código do país PT
Número 269910/08
100 ## - Dados gerais de processamento
Dados gerais de processamento 20100115d2008 m d0pory5003 ba
102 ## - Pais de publicação ou produção
País de publicação Portugal
101 0# - Língua de publicação
Língua do texto, banda sonora, etc. Português
106 ## - Campo de dados codificados: material textual
Dados codificados do material textual r
105 ## - Campo de dados codificados: livros
Dados codificados dos livros a z 000yy
215 ## - Descrição física 
Indicação específica da natureza do documento e extensão da espécie 85 p.
Outras indicações físicas il.
Dimensões 28 cm
200 1# - Titulo e menção de responsabilidade
Título próprio Contos inacabados
Informação de outro título a história submersa de Lagos
Primeira menção de responsabilidade Tiago Fraga, João Marreiros, Luís Jesus
Outras menções de responsabilidade coord. Rui Manuel Loureiro
205 ## - Menção da edição
Menção da edição 2a ed
210 ## - Publicação, Distribuição, etc. 
Lugar da edição, distribuição, etc. Lagos
Nome do editor, distribuidor, etc. Câmara de Lagos
Data da publicação, distribuição, etc. 2008
320 ## - Nota relativa a bibliografia e índices internos 
Texto da nota Bibliografia, p. 82-85
675 ## - Classificação Decimal Universal (CDU)
Notação 902.2.03(469.6)
Edição BN
Língua da edição por
Notação 94(469.6)
Edição BN
Língua da edição por
Notação 904(469.6)(210)
Edição BN
Língua da edição por
Notação 656.6.085(469.6)"13/19"
Edição BN
Língua da edição por
702 #1 - Nome de autor-pessoa física (responsabilidade secundária)
Número de registo de entrada de autoridade 0001675
Palavra de ordem Loureiro
Outra parte do nome não tomada para palavra de ordem Rui Manuel
Datas 1955-
Código de função Editor literário / Coordenador
701 #1 - Nome de autor-pessoa física (co-responsabilidade principal)
Palavra de ordem Jesus
Outra parte do nome não tomada para palavra de ordem Luís
Código de função Autor / Co-autor
Palavra de ordem Marreiros
Outra parte do nome não tomada para palavra de ordem João
Código de função Autor / Co-autor
700 #1 - Nome de autor-pessoa física (responsabilidade principal)
Número de registo de entrada de autoridade 0001679
Palavra de ordem Fraga
Outra parte do nome não tomada para palavra de ordem Tiago
900 ## -
-- BIBNAC
-- 20100302
942 ## - Elementos de entrada adicionados (Koha)
Tipo de item no Koha Livro
Exemplares
Situação do levantamento Origin of item (home branch) (coded) Biblioteca de empréstimo Código de barras Cota Circulation type (not for loan) Tipo de documento Nota do exemplar Damaged status
  Biblioteca Escolar Eng. Nuno Mergulhão Biblioteca Escolar Eng. Nuno Mergulhão BENM2184 9PT FRA   Livro Sem mensagem